000 00862nam a2200265 i 4500
001 19426
003 ES-MaACL
005 20250812015017.0
007 t|
008 020808s2001 sp ||||1| spa d
020 _a84-95289-24-5
080 _a76.045"16"
080 _a159.942(0:82)
100 1 _aSebastián López, Santiago.
_9105017
245 1 3 _aLa mejor emblemática amorosa del barroco
_b: [Heinsius, Vaenius y Hoof] /
_cSantiago Sebastián López.
260 _aFerrol :
_bSociedad de Cultura Valle-Inclán,
_c2001.
300 _a191 p. :
_bil. ;
_c24 cm.
490 1 _aColección SIELAE
650 0 7 _aEmblemas
_2embne
_910095
650 4 _aAmor-
_xEn la literatura.
_99756
710 2 _aSociedad de Cultura Valle-Inclán.
_96664
830 0 _aColección SIELAE
_9228885
852 _aES-MaACL
_jL-25859
_bR.131644
999 _c19426
_d19426